[Event "St Petersburg rapid"]
[Site "St Petersburg"]
[Date "2016.08.27"]
[Round "1"]
[White "Morozevich, Alexander"]
[Black "Markhanov, Vladislav"]
[Result "1-0"]
[WhiteElo "2683"]
[BlackElo "2073"]
[PlyCount "79"]
[EventDate "2016.08.27"]
[EventType "swiss (rapid)"]
[EventRounds "11"]
[EventCountry "RUS"]
[SourceTitle "CBM 174 Extra"]
[Source "ChessBase"]
[SourceDate "2016.10.10"]
[SourceVersion "1"]
[SourceVersionDate "2016.10.10"]
[SourceQuality "1"]

1. e4 c5 2. Nf3 Nc6 3. d4 cxd4 4. Nxd4 Nf6 5. Nc3 e5 6. Ndb5 d6 7. Bg5 a6 8. Na3 b5 9. Nd5 Be7 10. Bxf6 Bxf6 11. c4 b4 12. Nc2 a5 13. g3 0-0 14. h4 Be6 15. Qd2 Bxd5 16. cxd5 Nd4 17. Nxd4 exd4 18. Bb5 Rc8 19. Bc6 Qe7 20. Qd3 h6 21. Kf1 g6 22. Kg2 Bg7 23. Rhe1 Qd8 24. f4 Qc7 25. Re2 Qb6 26. Rae1 Rxc6 27. dxc6 Qxc6 28. Rc2 Qb7 29. Qc4 Qe7 30. Qd5 Re8 31. Rc6 Rd8 32. Rec1 Rd7 33. Rc8+ Kh7 34. h5 Qf6 35. hxg6+ Kxg6 36. R1c7 Rxc7 37. Rxc7 d3 38. Kf3 Kh7 39. Qxf7 Qxb2 40. Qf5+ 1-0